00509nam a22001937a 450000500170000001000130001702000220003003500130005203700160006504000120008108200160009310000170010924500450012626000410017127000440021230000260025665000200028265000130030220170124105935.0 aA-708530 c00.00a1897829507 aA-708530 bCen Lib/Ret aDPLbEN a230.31bKAN aKanuga, G. B aImmortal love of rama /cby G. B. Kanuga aNew Delhi bLancer Publishersc1993 aB-3, Gulmohar ParkbNew Delhi e110049 axviii,526p.c22cm(Hb) aHindu religion  aHinduism